|
|
แสดงรายละเอียดบรรณานุกรม |
|
|
Brief Record
: Get Marc (ISO 2709)
: E-mail record
: |
|
|
| LEADER 00000nama 2200000uu 4500 | |||
| 001 179108 | |||
| 003 ULIBM | |||
| 008 040531s2544 th m m a000 0 tha d | |||
| 020 974-663-941-2 | |||
| 041 tha | |||
| 050 WQ205 ว582ว | |||
| 100 วิทยา ถิฐาพันธ์และวิบูลพรรณ ฐิตะดิลก | |||
| 245 เวชศาสตร์มารดาและทารกในครรภ์ | |||
| 246 เวชศาสตร์ | |||
| 250 2 | |||
| 260 กรุงเทพฯ ยูเนียน ครีเอชั่น 2544 | |||
| 300 369 หน้า | |||
| 650 ทารกในครรภ์ | |||
| 998 2001-09-27 | |||
| 999 ^aใช้งานได้ทุกระบบ | |||
| คุณยังไม่ได้ล็อกอิน คุณสามารถมีกิจกรรมร่วมกับเว็บไซต์ได้ แต่ต้องล็อกอินก่อน :: |
|
| สถานะ | |||||||||
| 1. | หนังสือทั่วไป | WQ205 ว582ว 2544 | On Shelf ขอยืม | ||||||
| 2. | หนังสือทั่วไป | WQ205 ว582ว 2544 | On Shelf ขอยืม | ||||||
| [แสดง 2/2 รายการ] | |||||||||
BibComment |
| คอมเมนท์ทรัพยากรรายการนี้ |
|
|